Inlety - nová perspektiva přeprav potravin v kontejnerech
Preprava voľne uložených potravín v kontejneroch ISO rady 1 veľkosti C, CC - inletoch. Najčastejšie prepravované potraviny v inletoch a výhoda prepravy. Plnenie obalov.
Enregistré dans:
| Auteur principal: | |
|---|---|
| Format: | Chapitre de livre |
| Langue: | tchèque |
| Sujets: | |
| Tags: |
Pas de tags, Soyez le premier à ajouter un tag!
|
MARC
| LEADER | 00000naa a2200000 4500 | ||
|---|---|---|---|
| 001 | r020979 | ||
| 005 | 20230922085852.2 | ||
| 041 | 0 | |a cze | |
| 044 | |a CZ | ||
| 245 | 1 | 0 | |a Inlety - nová perspektiva přeprav potravin v kontejnerech |c J. Novák |
| 520 | |a Preprava voľne uložených potravín v kontejneroch ISO rady 1 veľkosti C, CC - inletoch. Najčastejšie prepravované potraviny v inletoch a výhoda prepravy. Plnenie obalov. | ||
| 610 | 2 | 0 | |a preprava |
| 610 | 2 | 0 | |a potraviny |
| 610 | 2 | 0 | |a kontajnery |
| 610 | 2 | 0 | |a obaly |
| 610 | 2 | 0 | |a logistika |
| 610 | 2 | 0 | |a technika obalová |
| 100 | 1 | |a Novák, J. | |